Statistics for Muscle Test Practice

Click here to take the quiz!

General Stats

  • This quiz has been taken 5 times
  • The average score is 7 of 12

Answer Stats

HintAnswer% Correct
Front ArmBiceps
100%
ButtGluteus Maximus
100%
Back ArmTriceps
100%
Back LegHamstring
80%
BackLatissimus Dorsi
80%
ChestPectoralis Major
60%
Front LegQuadricep
60%
NeckTrapezius
60%
ShouldersDeltoid
40%
StomachAbdominals
20%
CalfGastrocnemius and Soleus
0%
WaistObliques
0%

Score Distribution

Percentile by Number Answered

Percent of People with Each Score

Your Score History

You have not taken this quiz